The Works of Georg Berkeley : including many of his writings hitherto unpublished. Vol. I, [Philosophical works]

Hlavní autor: Berkeley, George, 1685-1753
Jazyk: Angličtina
Vydáno: Oxford : Clarendon Press, 1871
Fyzický popis: xx, 448 s.
Knihy
Uloženo v:
LEADER 00710nam a22002172a 4500
001 000357327
003 CZ BrMZK
005 20220215170633.0
007 ta
008 030412s1871 xxk f |||| 0 eng d
040 |a BOA001  |b cze 
100 1 |a Berkeley, George,  |d 1685-1753  |7 jn19990000720  |4 aut 
245 1 4 |a The Works of Georg Berkeley :  |b including many of his writings hitherto unpublished.  |n Vol. I,  |p [Philosophical works] 
246 3 0 |a Philosophical works 
260 |a Oxford :  |b Clarendon Press,  |c 1871 
300 |a xx, 448 s. 
910 |a BOA001  |b 2-0066.387,1 
990 |a BK 
993 |a Y 
991 |b 202202 
996 6 |b 2619806780  |c 2-0066.387,1  |l MZK  |r Sklad / do 24 hodin  |n 2  |w 000357327  |u 000010  |a 1  |e BOA001  |j MZK50  |s P